000 00595nam a2200193Ia 4500
008 151119s9999||||xx |||||||||||||| ||und||
082 _a928.9144
082 _bGKKV30043
100 _aनासरीन तसंमिला
245 _aउधाणवारा
260 _aपुणे
260 _bमेहता पब्लीशिग हाउस
260 _c0
600 _aनासरीन तसंमिला
630 _aउधाणवारा
700 _aनासरीन तसंमिला
730 _aउधाणवारा
942 _cBOOK
999 _c1082385
_d1082382